|
|
|
|
| LEADER |
01338nam a2200301 a 4500 |
| 001 |
16334 |
| 003 |
BD-DhAAL |
| 005 |
20130908113931.0 |
| 008 |
130908s2007####bg g b 000 0 benod |
| 010 |
|
|
|a 2012324921
|
| 020 |
|
|
|a 9848090363 (v.1)
|
| 037 |
|
|
|b Library of Congress -- New Delhi Overseas Office
|
| 040 |
|
|
|a DLC
|b eng
|c DLC
|d DLC
|d BD-DhAAL
|
| 050 |
0 |
0 |
|a ML3748
|b .M34 2007
|
| 082 |
|
|
|2 22
|a 780.954
|
| 100 |
1 |
|
|a মণ্ডল, কৃষ্ণপদ
|9 2946
|
| 245 |
1 |
0 |
|a বাংলার রাগসংগীত (প্রথম খণ্ড) /
|c কৃষ্ণপদ মণ্ডল
|
| 260 |
|
|
|a ঢাকা :
|b বাংলাদেশ বিশ্ববিদ্যালয় মঞ্জুরী কমিশন,
|c ২০০৭
|
| 300 |
|
|
|a ১৯৮ পৃ. ;
|c ২৫ সেমি
|
| 504 |
|
|
|a Includes bibliographical references.
|
| 520 |
|
|
|a Collection of articles on Bengali classical songs; includes musical letter notations.
|
| 541 |
|
|
|e 16334
|
| 546 |
|
|
|a In Bengali.
|
| 650 |
|
0 |
|a Songs, Bengali
|x History and criticism.
|9 2947
|
| 650 |
|
0 |
|a Hindustani music
|x History and criticism.
|9 2948
|
| 942 |
|
|
|2 ddc
|c BK
|
| 999 |
|
|
|c 13934
|d 13934
|
| 952 |
|
|
|0 0
|1 0
|2 ddc
|4 0
|6 780_954000000000000_MON
|7 0
|9 23329
|a BRACUL
|b BRACUL
|c GEN
|d 2013-09-08
|l 1
|m 14
|o 780.954 MON
|p 3010016334
|r 2023-03-19
|s 2023-01-22
|t 1
|w 2013-09-08
|y BK
|